| 000 | 00509nam a2200181Ia 4500 | ||
|---|---|---|---|
| 999 |
_c14128 _d14128 |
||
| 003 | OSt | ||
| 005 | 20201023105134.0 | ||
| 008 | 190216s9999||||xx |||||||||||||| ||und|| | ||
| 020 | _a0140255935 | ||
| 040 | _coclc | ||
| 082 |
_a823.914 _bSUT/N |
||
| 100 |
_aSutcliffe, William _95666 |
||
| 245 | 0 |
_aNew Boy / _cWilliam Sutcliffe |
|
| 260 |
_bPenguin Books, _c1996. _aLondon: |
||
| 300 | _a200p | ||
| 650 | _aNovel&Amp;Short Stories | ||
| 942 |
_cBK _2ddc _h823.914 _iSUT/N _k823.914 _mSUT/N |
||